| 000 | 00579nam a2200193Ia 4500 | ||
|---|---|---|---|
| 003 | IN-BaIIA | ||
| 008 | 211028s9999 xx 000 0 eng d | ||
| 040 | _cIIA Library | ||
| 080 |
_a083.7:669.71 _bISI |
||
| 110 | _aIndian Standards Institution | ||
| 245 | 0 |
_aIndian standard code of designation of aluminium and its alloy _cIndian Standards Institution |
|
| 260 |
_aNew Delhi _bIndian Standards Institution _c1971 |
||
| 300 | _a9p. | ||
| 500 | _aIS 6051 : 1970 | ||
| 650 |
_a Metals-Standards _99124 |
||
| 650 | _a Standards | ||
| 650 | _aNASA Thesaurus | ||
| 942 | _cBK | ||
| 999 |
_c5131 _d5131 |
||